Score 0/19 Timer 02:00
1 Play Today
Hint 4-Letter Word % Correct
Barbie, e.g.DOLL
97%
It's all you need, according to the BeatlesLOVE
96.9%
To misplaceLOSE
96.2%
Avian symbol of peace▭ DOVE ▭
95.6%
2000s TV series set on a mysterious islandLOST
95.4%
Enter a phone number▭ DIAL ▭
95.1%
1994 Tarantino film: '___ Fiction'PULP
94.9%
'___ we forget'LEST
94.2%
Used to flavor picklesDILL
93.7%
Device for pushing air into bike tiresPUMP
93.6%
Hint 4-Letter Word % Correct
Largest fruit producing company in the worldDOLE
93.4%
To tug or haulPULL
93.1%
It flows from a volcano▭ LAVA ▭
93%
Light-giving applianceLAMP
90.7%
Question at tea time: 'One ___ or two?'LUMP
89.8%
Scraped citrus peel used in cooking▭ ZEST ▭
89.7%
Jack Torrance after 'all work and no play'DULL
87.6%
Title for Tibetan Buddhist monksLAMA
85.5%
Twofold or doubleDUAL
85.1%

Today's Daily Dose

Remove Ads.
Support Sporcle.
Get the best of Sporcle when you Go Orange. This ad-free experience offers more features, more stats, and more fun while also helping to support Sporcle. Thank you for becoming a member.

You're not logged in!

Compare scores with friends on all Sporcle quizzes.
OR
Log In

Show Comments

Extras

Top Quizzes Today


Score Distribution

Your Account Isn't Verified!

In order to create a playlist on Sporcle, you need to verify the email address you used during registration. Go to your Sporcle Settings to finish the process.

Report this User

Report this user for behavior that violates our Community Guidelines.

Details: